| 000 | 00769cam a2200205 i 4500 | ||
|---|---|---|---|
| 005 | 20251120101217.0 | ||
| 008 | 250721s2004 le gr 000 0 ara d | ||
| 082 | 1 | 4 |
_a210.9569 _bس ق ا |
| 100 | 1 |
_aالسقاف، أبكار _eمؤلف. |
|
| 245 | 1 | 2 |
_aالدين في شبه الجزيرة العربية / _cأبكار السقاف. |
| 250 | _aالطبعة الأولى. | ||
| 264 | 3 | 1 |
_aبيروت : _bمؤسسة الإنتشار العربي، _c2004. |
| 300 | _a422 صفحة. | ||
| 490 | 0 |
_aنحو آفاق أوسع -المراحل التطورية للإنسان ؛ _vالرقم 4. |
|
| 650 | 1 | 7 | _aالإسلام. |
| 650 | 1 | 7 | _aشبه الجزيرة العربية. |
| 650 | 1 | 7 | _aالتاريخ. |
| 942 |
_2ddc _cBK |
||
| 999 |
_c100431 _d100431 |
||